[Event "25th Dubai Open A 2025"]
[Site "Dubai UAE"]
[Date "2025.06.03"]
[Round "8.33"]
[White "Manon, Reja Neer"]
[Black "Roebers, Eline"]
[Result "1-0"]
[WhiteTitle "IM"]
[BlackTitle "IM"]
[WhiteElo "2403"]
[BlackElo "2361"]
[WhiteFideId "10224009"]
[BlackFideId "1058401"]
[EventDate "2025.05.27"]

1. e4 e6 2. d4 d5 3. Nd2 c5 4. exd5 Qxd5 5. Ngf3 cxd4 6. Bc4 Qd7 7. O-O Nc6 8.
Nb3 a6 9. a4 Nf6 10. Qe2 Qc7 11. Bg5 Bd6 12. h3 h6 13. Bxf6 gxf6 14. Nbxd4 Nxd4
15. Nxd4 O-O 16. Rad1 f5 17. Rfe1 Kh7 18. Bb3 Rg8 19. Nf3 b6 20. Qd3 Bc5 21. Kf1
Qc6 22. Re2 Ra7 23. c3 Rd7 24. Qc4 Bb7 25. Rxd7 Qxd7 26. Rd2 Qc7 27. Bd1 Qc6 28.
g4 fxg4 29. hxg4 Be7 30. Qf4 Kg7 31. Ne5 Qh1+ 32. Ke2 Bf6 33. Rd7 Rf8 34. Bc2
Bg2 35. Rd1 Qh4 36. Nd7 Bg5 37. Qd4+ e5 38. Qd3 Qxg4+ 39. f3 Bxf3+ 40. Qxf3 Qc4+
41. Bd3 e4 42. Bxc4 exf3+ 43. Kxf3 Re8 44. Bxa6 Re3+ 45. Kf2 Rh3 46. Nxb6 Rh2+
47. Kf3 Rxb2 48. Bb5 1-0

[Event "25th Dubai Open A 2025"]
[Site "Dubai UAE"]
[Date "2025.06.03"]
[Round "8.34"]
[White "Nandhidhaa, P V"]
[Black "Garayev, Kanan"]
[Result "0-1"]
[WhiteTitle "WGM"]
[BlackTitle "IM"]
[WhiteElo "2363"]
[BlackElo "2336"]
[WhiteFideId "5050847"]
[BlackFideId "13406671"]
[EventDate "2025.05.27"]

1. e4 c5 2. Nf3 g6 3. d4 cxd4 4. Nxd4 Nc6 5. c4 Bg7 6. Be3 Qb6 7. Nb3 Qd8 8. Nd4
Qb6 9. Nb3 Qd8 10. Qd2 d6 11. Nc3 Nf6 12. Be2 Ng4 13. Bf4 a5 14. Na4 O-O 15. O-O
Nf6 16. f3 Be6 17. Be3 Nd7 18. Rac1 Nb4 19. a3 Na2 20. Ra1 b5 21. Nd4 bxa4 22.
Nxe6 fxe6 23. Rxa2 Nc5 24. Bd1 Qc7 25. Qe2 Rab8 26. Rf2 Rfc8 27. Qf1 Nb3 28. Rc2
Bd4 29. Bxd4 Nxd4 30. Rc3 Nb3 31. Qf2 Qc5 32. f4 Qxf2+ 33. Kxf2 Nc5 34. Ke3 e5
35. f5 Rc7 36. Rc2 Rcb7 37. fxg6 hxg6 38. Bf3 Kg7 39. Rd2 Rb3+ 40. Ke2 g5 41.
Kd1 Nd3 42. Be2 Nf2+ 43. Kc1 Nxe4 44. Rd3 Rxd3 45. Bxd3 Nc5 46. Be2 Rf8 47. Bf3
e4 48. Be2 Rf2 49. Kd2 Rxg2 50. Ke3 Rg1 51. Kd4 Nb3+ 52. Ke3 Re1 53. Kf2 Rxe2+
54. Kxe2 Nc1+ 55. Ke3 Nxa2 56. Kxe4 e6 57. c5 dxc5 58. Kd3 Nc1+ 59. Kc4 Nb3 60.
Kb5 e5 61. Kxa4 Nd4 0-1

[Event "25th Dubai Open A 2025"]
[Site "Dubai UAE"]
[Date "2025.06.03"]
[Round "8.35"]
[White "Beydullayeva, Govhar"]
[Black "Rakshitta, Ravi"]
[Result "1/2-1/2"]
[WhiteTitle "WGM"]
[BlackTitle "WGM"]
[WhiteElo "2394"]
[BlackElo "2324"]
[WhiteFideId "13413015"]
[BlackFideId "25073230"]
[EventDate "2025.05.27"]

1. Nf3 Nf6 2. g3 g6 3. Bg2 Bg7 4. c4 O-O 5. d4 c5 6. Nc3 d5 7. dxc5 Qa5 8. Qa4
Qxc5 9. Be3 Qxc4 10. Qxc4 dxc4 11. Ne5 Nc6 12. Nxc6 bxc6 13. Bxc6 Rb8 14. O-O-O
Bb7 15. Bxb7 Rxb7 16. f3 Nd7 17. Kc2 Rfb8 18. Rb1 Ne5 19. Bf4 h6 20. Rhd1 Rc8
21. Bxe5 Bxe5 22. Rd5 Bf6 23. Rb5 Rxb5 24. Nxb5 Rc5 25. Nc3 Rh5 26. h4 Ra5 27.
a3 Be5 28. f4 Bd4 29. e4 e5 30. f5 gxf5 31. exf5 h5 32. Ne4 Kg7 33. Nd6 Rc5 34.
Ne4 Rb5 35. b3 Ra5 36. bxc4 Rxa3 37. Rb7 Re3 38. Ng5 Rc3+ 39. Kd1 Rd3+ 40. Ke2
Re3+ 41. Kf1 Rxg3 42. Rxf7+ Kg8 43. Rc7 Rg1+ 44. Ke2 Rg2+ 45. Kd3 Rf2 46. c5
Rxf5 47. c6 Rf8 48. Ke4 Bb6 49. Rb7 Rf4+ 50. Kxe5 Rxh4 51. Kf6 Bd8+ 52. Kg6 Rc4
53. Rg7+ Kf8 54. Nh7+ Ke8 55. Rg8+ Ke7 56. Nf6 Rxc6 57. Re8+ Kd6 58. Rxd8+ Ke5
59. Rd5+ Kf4 60. Rxh5 Ke3 61. Ra5 a6 62. Kf5 Kd4 63. Ra4+ Kc3 64. Nd5+ Kb3 65.
Rb4+ Ka3 66. Ke4 a5 67. Rb5 a4 68. Kd3 Rh6 69. Ra5 Rh3+ 70. Ne3 Kb4 71. Ra8 a3
72. Rb8+ Ka4 73. Kc4 Rh4+ 74. Kc3 Rh3 75. Ra8+ Kb5 76. Kd2 Rh2+ 77. Kd3 Kb4 78.
Nd5+ Kc5 79. Ra5+ Kc6 80. Nc3 a2 81. Nxa2 Rh3+ 82. Kc4 Rh4+ 83. Kb3 Rh3+ 84. Nc3
Kd6 85. Kc4 Rh4+ 86. Kd3 Ke6 87. Ne4 Rh1 88. Nf2 Rf1 89. Ng4 Rf4 90. Ne3 Rh4 91.
Ra6+ Ke5 92. Nc4+ Kd5 93. Ra5+ Ke6 94. Ra6+ Kd5 95. Ne3+ Ke5 96. Ra5+ Ke6 97.
Nf5 Rh1 98. Ke4 Re1+ 99. Ne3 Kd6 100. Kd4 Ke6 101. Ra6+ Kd7 102. Rh6 Ra1 103.
Nc4 Rd1+ 104. Kc5 Ke7 105. Ne3 Re1 106. Nd5+ Kf7 107. Kd6 Rd1 108. Rf6+ Kg7 109.
Rf2 Kg6 110. Rf3 Ra1 111. Ke6 Ra6+ 112. Ke5 Ra1 113. Ne7+ Kg7 114. Nf5+ Kf7 115.
Nd6+ Ke7 116. Rf7+ Kd8 117. Ne4 Ke8 118. Rh7 Re1 119. Ra7 Re2 120. Kd5 Kf8 121.
Nd6 Re1 122. Nf5 Ke8 123. Rb7 Kf8 124. Nd6 Re2 125. Ne4 Re1 126. Ke5 Ke8 127.
Rh7 Re2 128. Kd5 Kf8 129. Nf6 Rd2+ 130. Ke6 Re2+ 131. Kf5 1/2-1/2

[Event "25th Dubai Open A 2025"]
[Site "Dubai UAE"]
[Date "2025.06.03"]
[Round "8.36"]
[White "Goutham Krishna H"]
[Black "Balajayeva, Khanim"]
[Result "1-0"]
[WhiteTitle "IM"]
[BlackTitle "IM"]
[WhiteElo "2427"]
[BlackElo "2358"]
[WhiteFideId "25983504"]
[BlackFideId "13406396"]
[EventDate "2025.05.27"]

1. Nf3 Nf6 2. g3 d5 3. Bg2 e6 4. O-O Be7 5. d3 O-O 6. Re1 Nc6 7. d4 a5 8. c3 a4
9. Nbd2 b6 10. e4 Nxe4 11. Nxe4 dxe4 12. Rxe4 Bb7 13. Re1 Na5 14. Rb1 Nc4 15.
Bf4 Bd6 16. Bxd6 Nxd6 17. Ne5 Bxg2 18. Kxg2 Nc4 19. Nd3 Ra5 20. Kg1 Qa8 21. Qe2
h6 22. Rbd1 Rd8 23. Nf4 Nd6 24. Rd3 Qc6 25. Qc2 Nf5 26. Rd2 g6 27. Nd3 Kg7 28.
Rde2 h5 29. h3 Qd5 30. a3 Qd6 31. Ne5 Qd5 32. Re4 Qa8 33. Rf4 Rb5 34. Re2 c5 35.
g4 hxg4 36. hxg4 cxd4 37. gxf5 d3 38. Nxd3 exf5 39. Ne1 Rh8 40. f3 Qd8 41. Qd2
Qg5+ 42. Ng2 Rh3 43. Qd4+ Qf6 44. Qxf6+ Kxf6 45. Kf2 Ra5 46. Rd2 Ke7 47. Rb4 Ra6
48. Nf4 Rh2+ 49. Ke3 1-0

[Event "25th Dubai Open A 2025"]
[Site "Dubai UAE"]
[Date "2025.06.03"]
[Round "8.37"]
[White "Agasarov, Benik"]
[Black "Zia, Tahsin Tajwar"]
[Result "1-0"]
[WhiteTitle "FM"]
[BlackTitle "FM"]
[WhiteElo "2414"]
[BlackElo "2374"]
[WhiteFideId "13314823"]
[BlackFideId "10211888"]
[EventDate "2025.05.27"]

1. d4 e6 2. c4 d5 3. Nf3 Nf6 4. Nc3 Bb4 5. Bg5 Nbd7 6. e3 c5 7. cxd5 exd5 8. Bd3
Qa5 9. Qc2 c4 10. Bf5 O-O 11. O-O g6 12. Bxd7 Nxd7 13. e4 Bxc3 14. bxc3 f6 15.
Bh6 Re8 16. Rfe1 Nb6 17. e5 Bf5 18. Qd2 Nd7 19. Nh4 Bd3 20. e6 Nf8 21. e7 Nd7
22. Qe3 Qa6 23. Qh3 f5 24. Qg3 Rac8 25. Nf3 Qa3 26. Bg5 Rc6 27. h4 Qd6 28. Ne5
Ra6 29. Nxd7 Qxd7 30. f3 h6 31. Bxh6 Rxe7 32. Qb8+ Kh7 33. Rxe7+ Qxe7 34. Bg5
Qf7 35. Re1 Re6 36. Rxe6 Qxe6 37. Qxb7+ Kg8 38. Qb8+ Kf7 39. Qxa7+ Ke8 40. Qb8+
Kd7 41. Qb7+ Ke8 42. a4 Qe1+ 43. Kh2 f4 44. Qc6+ Kf8 45. Qf6+ 1-0

[Event "25th Dubai Open A 2025"]
[Site "Dubai UAE"]
[Date "2025.06.04"]
[Round "9.1"]
[White "Grebnev, Aleksey"]
[Black "Sargsyan, Shant"]
[Result "1/2-1/2"]
[WhiteTitle "GM"]
[BlackTitle "GM"]
[WhiteElo "2556"]
[BlackElo "2666"]
[WhiteFideId "34189030"]
[BlackFideId "13306766"]
[EventDate "2025.05.27"]

1. e4 c6 2. Nc3 d5 3. Nf3 dxe4 4. Nxe4 Nf6 5. Qe2 Na6 6. Nxf6+ gxf6 7. d4 Bg4 8.
c3 e6 9. Qe4 Bf5 10. Qe3 Nc7 11. Nh4 Nd5 12. Qe2 Bg6 13. g3 Qa5 14. Qf3 Be7 15.
Bg2 Qa6 16. Nxg6 hxg6 17. Qe2 Qxe2+ 18. Kxe2 f5 19. Bd2 O-O-O 20. Rad1 Bf6 21.
h3 Nb6 1/2-1/2

[Event "25th Dubai Open A 2025"]
[Site "Dubai UAE"]
[Date "2025.06.04"]
[Round "9.2"]
[White "Movahed, Sina"]
[Black "Pichot, Alan"]
[Result "0-1"]
[WhiteTitle "GM"]
[BlackTitle "GM"]
[WhiteElo "2518"]
[BlackElo "2587"]
[WhiteFideId "42520835"]
[BlackFideId "110973"]
[EventDate "2025.05.27"]

1. e4 e5 2. Nf3 Nc6 3. Bb5 a6 4. Ba4 Nf6 5. O-O b5 6. Bb3 Bb7 7. Re1 Be7 8. d4
Nxd4 9. Bxf7+ Kf8 10. Bd5 c6 11. Bb3 Nxb3 12. axb3 d6 13. c4 h6 14. Qc2 Kg8 15.
Be3 Kh7 16. h3 Re8 17. c5 Qc7 18. b4 Nd7 19. Nbd2 dxc5 20. bxc5 a5 21. Nf1 Nf6
22. Ng3 Bf8 23. Red1 Bc8 24. Ra3 a4 25. Rad3 b4 26. Qd2 Qa5 27. Qc1 a3 28. bxa3
bxa3 29. Bd2 Qxc5 30. Qa1 Ra4 31. Re3 Rd8 32. Rc1 Qb6 33. Rb1 Qa7 34. Be1 Bc5
35. Rc3 Nxe4 36. Nxe4 Rxe4 37. Rbc1 Rd5 38. Qa2 Bf5 39. g4 Bg6 40. Nh4 Bb4 41.
Rf3 Rxe1+ 42. Rxe1 Bxe1 43. Nxg6 e4 44. Nf8+ Kg8 45. Rf5 e3 46. Ng6 exf2+ 47.
Kg2 Qe3 48. Qc4 Qg3+ 49. Kf1 Qxh3+ 50. Ke2 f1=Q+ 51. Rxf1 Qg2+ 0-1

[Event "25th Dubai Open A 2025"]
[Site "Dubai UAE"]
[Date "2025.06.04"]
[Round "9.3"]
[White "Gorshtein, Ido"]
[Black "Nihal, Sarin"]
[Result "1/2-1/2"]
[WhiteTitle "GM"]
[BlackTitle "GM"]
[WhiteElo "2560"]
[BlackElo "2693"]
[WhiteFideId "2815532"]
[BlackFideId "25092340"]
[EventDate "2025.05.27"]

1. d4 Nf6 2. c4 e6 3. Nf3 d5 4. Nc3 Bb4 5. e3 O-O 6. a3 Bd6 7. Qc2 h6 8. Bd2 Nc6
9. h3 dxc4 10. Bxc4 e5 11. dxe5 Nxe5 12. Nxe5 Bxe5 13. f4 Bxc3 14. Bxc3 Qe7 15.
O-O Qxe3+ 16. Kh2 Qe4 17. Bd3 Qc6 18. Rf3 Re8 19. Raf1 Be6 20. Rg3 Nh5 21. Rff3
Kh8 22. f5 Bd5 23. Rxg7 Bxf3 24. Rg6+ f6 25. Qd2 Qd6+ 26. g3 Re7 27. Qxh6+ Rh7
28. Qe3 Bc6 29. Qg5 Rf8 30. Bc4 Bd5 31. Rh6 Rxh6 32. Qxh6+ Kg8 33. Qxh5 Rf7 34.
Qg6+ Kf8 35. Bb5 c5 36. Qh6+ Ke7 37. Qe3+ Kd8 38. Qe8+ Kc7 39. Ba5+ b6 40. Bd2
Kb7 41. Bf4 Qf8 42. Qe2 Qe7 43. Ba6+ Ka8 44. Qxe7 Rxe7 45. g4 c4 46. Kg3 Re2 47.
h4 Rxb2 48. h5 Rb3+ 49. Kh4 Rb1 50. h6 Rh1+ 51. Kg3 c3 52. Bd3 Kb7 53. g5 fxg5
54. Bxg5 Kc7 55. f6 Rg1+ 56. Kf4 Kd6 57. h7 Rh1 58. Kg3 Rh5 59. f7 Bxf7 60. Bf6
Bc4 61. Bc2 Bb3 62. h8=Q 1/2-1/2

[Event "25th Dubai Open A 2025"]
[Site "Dubai UAE"]
[Date "2025.06.04"]
[Round "9.4"]
[White "Indjic, Aleksandar"]
[Black "Bharath, Subramaniyam H"]
[Result "1-0"]
[WhiteTitle "GM"]
[BlackTitle "GM"]
[WhiteElo "2637"]
[BlackElo "2556"]
[WhiteFideId "911925"]
[BlackFideId "46634827"]
[EventDate "2025.05.27"]

1. c4 e6 2. g3 d5 3. Bg2 Nf6 4. Nf3 d4 5. O-O c5 6. d3 Nc6 7. e3 Nd7 8. exd4
cxd4 9. Na3 e5 10. Nc2 a5 11. Re1 Be7 12. a3 f6 13. Rb1 a4 14. Bd2 O-O 15. Bb4
Nc5 16. Bxc5 Bxc5 17. b4 axb3 18. Rxb3 Qc7 19. Nd2 Be6 20. Nb4 Nxb4 21. axb4 Be7
22. b5 Ra2 23. b6 Qd7 24. Rb5 Bg4 25. f3 Bh5 26. Ne4 Rfa8 27. Nf2 Bf8 28. Qb1
Bf7 29. Rb2 Rxb2 30. Qxb2 Ra4 31. Rb1 Rb4 32. Qa2 Qd8 33. Rxb4 Bxb4 34. Qa7 Bc5
35. Qxb7 Qxb6 36. Qc8+ Bf8 37. Bh3 g6 38. Bd7 Kg7 39. Kg2 Qb2 40. Be6 Bxe6 41.
Qxe6 Qb7 42. g4 Qf7 43. Qb6 Qe7 44. Ne4 f5 45. gxf5 gxf5 46. Ng3 Qg5 47. Qc7+
Kf6 48. Qc6+ Kf7 49. Qd7+ Kf6 50. h4 Qg6 51. Kh3 Be7 52. c5 h6 53. c6 f4 54.
Ne4+ Kf7 55. c7 Qg1 56. Qf5+ Kg7 57. Qg4+ 1-0

[Event "25th Dubai Open A 2025"]
[Site "Dubai UAE"]
[Date "2025.06.04"]
[Round "9.5"]
[White "Aditya, Mittal"]
[Black "Tin, Jingyao"]
[Result "1/2-1/2"]
[WhiteTitle "GM"]
[BlackTitle "GM"]
[WhiteElo "2547"]
[BlackElo "2601"]
[WhiteFideId "35042025"]
[BlackFideId "5804418"]
[EventDate "2025.05.27"]

1. d4 Nf6 2. c4 e6 3. Nc3 Bb4 4. Qc2 d5 5. cxd5 exd5 6. Bf4 Bd6 7. Bxd6 Qxd6 8.
e3 a6 9. Bd3 O-O 10. Nge2 Nc6 11. a3 Bg4 12. f3 Bh5 13. g4 Bg6 14. Kf2 Rae8 15.
Rae1 Na5 16. Ng3 Nc4 17. g5 Nd7 18. Nf5 Bxf5 19. Bxf5 g6 20. Bd3 b5 21. Bxc4
bxc4 22. b4 cxb3 23. Qxb3 Nb6 24. e4 Qf4 25. h4 Qd2+ 26. Kg3 Qxd4 27. Nxd5 Nxd5
28. Qxd5 Qc3 29. Rc1 Qxa3 30. Rxc7 Rd8 31. Qc5 Qb2 32. Qc1 Qb4 33. Qf4 Rd2 34.
Rhc1 Qd4 35. Kh3 Rd3 36. Kg3 Rd2 37. Kh3 Qf2 38. Qg3 Qe2 39. Rc8 Rdd8 40. R8c2
Rd2 41. Rc8 Rfd8 42. Rxd8+ Rxd8 43. Qf4 a5 44. Qf6 Rf8 45. Kg3 a4 46. Ra1 Qb5
47. e5 Re8 48. Qf4 Ra8 49. Qe4 Ra6 50. Qd4 Qe8 51. Ra3 Ra5 52. Qf4 Qd7 53. Qb4
Ra8 54. Qe4 Qe8 55. Qd4 Ra5 56. Qf4 Qd7 57. Qb4 Qa7 58. Qd6 Qg1+ 59. Kh3 Qf1+
60. Kg3 Qe1+ 61. Kh3 Qf1+ 62. Kg3 Qe1+ 63. Kh3 Rxe5 64. Rxa4 Qf1+ 65. Kg3 Qe1+
66. Kh3 Qh1+ 67. Kg3 Qg1+ 68. Kh3 Re8 69. Qc6 Qf1+ 70. Kg3 Qe1+ 71. Kh3 h5 72.
Ra8 Rxa8 73. Qxa8+ Kg7 1/2-1/2

[Event "25th Dubai Open A 2025"]
[Site "Dubai UAE"]
[Date "2025.06.04"]
[Round "9.6"]
[White "Zemlyanskii, Ivan"]
[Black "Pham Tran Gia Phuc"]
[Result "1-0"]
[WhiteTitle "GM"]
[BlackTitle "IM"]
[WhiteElo "2563"]
[BlackElo "2424"]
[WhiteFideId "24249971"]
[BlackFideId "12415669"]
[EventDate "2025.05.27"]

1. e4 c5 2. Nf3 Nf6 3. e5 Nd5 4. Nc3 e6 5. Ne4 f5 6. Nc3 Nxc3 7. dxc3 Nc6 8. Bf4
Qb6 9. Qc1 Qc7 10. h4 b6 11. Qd2 Ne7 12. O-O-O a6 13. h5 Bb7 14. Be2 Nd5 15. Bg3
Be7 16. Rh3 b5 17. Bh4 Bxh4 18. Rxh4 O-O 19. h6 g6 20. c4 Nb6 21. Qd6 Qd8 22.
Rh3 bxc4 23. Qxc5 Rc8 24. Qa3 c3 25. b3 Nd5 26. Rh4 Qb6 27. Rhd4 Rc5 28. Kb1 Bc6
29. Bc4 a5 30. Ng5 Rb8 31. g4 a4 32. Bxd5 exd5 33. Rxa4 Bxa4 34. Qxa4 Rc6 35.
gxf5 gxf5 36. Rg1 Rg6 37. Qxd7 Qb7 38. Qa4 Qb6 39. Qd7 Qb7 40. Qa4 Qb6 41. Qf4
Qa7 42. Rg3 Qe7 43. a4 d4 44. e6 Rf8 45. Nf7 Qxe6 46. Ne5 Rb8 47. Ka2 Rb4 48.
Ka3 Qe7 49. Nxg6 hxg6 50. Rxg6+ Kh8 51. Qd6 Rb7 52. b4 1-0

[Event "25th Dubai Open A 2025"]
[Site "Dubai UAE"]
[Date "2025.06.04"]
[Round "9.7"]
[White "Muradli, Mahammad"]
[Black "Parkhov, Yair"]
[Result "1/2-1/2"]
[WhiteTitle "GM"]
[BlackTitle "GM"]
[WhiteElo "2603"]
[BlackElo "2514"]
[WhiteFideId "13409301"]
[BlackFideId "2813408"]
[EventDate "2025.05.27"]

1. d4 Nf6 2. c4 e6 3. Nf3 d5 4. g3 Bb4+ 5. Bd2 a5 6. a3 Be7 7. Bg2 O-O 8. Qc2
Nbd7 9. O-O c6 10. Bf4 h6 11. Rd1 b6 12. Nbd2 Bb7 13. e4 Nh5 14. Be3 Nhf6 15. h3
Rc8 16. e5 Ne8 17. cxd5 cxd5 18. Qb3 Nc7 19. Bf1 b5 20. Bxb5 Nxb5 21. Qxb5 Bc6
22. Qa6 Nb8 23. Qd3 Qb6 24. Qb3 Qa6 25. Rdc1 Bb5 26. Qd1 Be2 27. Qe1 Nd7 28.
Rxc8 Rxc8 29. Rc1 Rb8 30. Rc7 Bb5 31. Qc1 Bd8 32. Rc2 a4 33. h4 Bd3 34. Rc6 Qb7
35. Rc3 Be2 36. b4 axb3 37. Rxb3 Qa7 38. Rxb8 Qxb8 39. Kg2 Be7 40. a4 Qa7 41.
Qc8+ Bf8 42. a5 Ba6 43. Qe8 Qb8 44. Qxb8 Nxb8 45. Nb3 Nc6 46. h5 Bc4 47. Nfd2
Be2 48. f3 Bb4 49. g4 Nxa5 50. Nxa5 Bxa5 51. Nb3 Bb4 52. Nc5 Kh7 53. Nb7 Kg8 54.
Kf2 Ba6 55. Nc5 Bb5 56. Bc1 Kf8 57. Ke3 Ke8 58. Nd3 Be7 59. Bd2 Bc4 60. Nb2 Bb5
61. Ba5 Bg5+ 62. f4 Be7 63. Nd3 Ba4 64. Kd2 Bb5 65. Bb6 Bh4 66. Nc5 Be7 67. Ke3
Bc4 68. Bc7 Bxc5 69. dxc5 Bb3 70. Kd2 Ba4 71. Bd6 d4 72. f5 exf5 73. gxf5 Bd7
74. f6 gxf6 75. exf6 Bg4 76. Kd3 Kd7 77. Kxd4 Bxh5 78. Bf4 Kc6 79. Bxh6 Bg4 80.
Ke4 1/2-1/2

[Event "25th Dubai Open A 2025"]
[Site "Dubai UAE"]
[Date "2025.06.04"]
[Round "9.8"]
[White "Narayanan, S.L."]
[Black "Bronstein, Or"]
[Result "1/2-1/2"]
[WhiteTitle "GM"]
[BlackTitle "IM"]
[WhiteElo "2598"]
[BlackElo "2443"]
[WhiteFideId "5058422"]
[BlackFideId "2815770"]
[EventDate "2025.05.27"]

1. d4 Nf6 2. c4 e6 3. Nf3 d5 4. Nc3 Bb4 5. cxd5 exd5 6. Bf4 c5 7. g3 O-O 8. Bg2
c4 9. O-O Nc6 10. Bg5 Be6 11. a3 Be7 12. e3 Ne8 13. Bxe7 Nxe7 14. b3 Qa5 15. Ne2
Nd6 16. bxc4 dxc4 17. Qd2 Qxd2 18. Nxd2 Rac8 19. Nc3 b5 20. Rfb1 Rb8 21. e4 Bd7
22. Rb2 Nc6 23. e5 Nf5 24. Bxc6 Bxc6 25. d5 Ba8 26. Rab1 Nd4 27. f4 Rbd8 28. d6
a6 29. Rd1 f6 30. Nxc4 Nf3+ 31. Kf1 fxe5 32. Nb6 Bb7 33. Ncd5 exf4 34. gxf4 g5
35. Rf2 g4 36. Rc2 Ne5 37. Kf2 Nc4 38. Nxc4 Bxd5 39. Rxd5 Rxf4+ 40. Kg3 Rxc4 41.
Rxc4 bxc4 42. Kxg4 c3 1/2-1/2

[Event "25th Dubai Open A 2025"]
[Site "Dubai UAE"]
[Date "2025.06.04"]
[Round "9.10"]
[White "Sokolovsky, Yahli"]
[Black "Ilamparthi, A R"]
[Result "1-0"]
[WhiteTitle "GM"]
[BlackTitle "IM"]
[WhiteElo "2539"]
[BlackElo "2469"]
[WhiteFideId "2820242"]
[BlackFideId "45015775"]
[EventDate "2025.05.27"]

1. e4 c5 2. Nf3 e6 3. d4 cxd4 4. Nxd4 Nf6 5. Nc3 Nc6 6. Ndb5 d6 7. Bf4 e5 8. Bg5
a6 9. Na3 b5 10. Nd5 Be7 11. Bxf6 Bxf6 12. c3 Rb8 13. Nc2 Bg5 14. Ncb4 Nxb4 15.
cxb4 O-O 16. Bd3 Be6 17. Bc2 a5 18. a3 Rc8 19. Bb3 Kh8 20. O-O a4 21. Ba2 f5 22.
Nc3 Bxa2 23. Rxa2 Rc4 24. Nxb5 Rxe4 25. b3 d5 26. bxa4 d4 27. Qd3 Rh4 28. Re1
Qf6 29. Rae2 Qh6 30. h3 Bf4 31. Nxd4 exd4 32. Re8 Bd6 33. R8e6 Re4 34. R1xe4
fxe4 35. Rxh6 Bh2+ 36. Kxh2 exd3 37. Rd6 1-0

[Event "25th Dubai Open A 2025"]
[Site "Dubai UAE"]
[Date "2025.06.04"]
[Round "9.11"]
[White "Srihari, L R"]
[Black "Pranav, Anand"]
[Result "1/2-1/2"]
[WhiteTitle "IM"]
[BlackTitle "GM"]
[WhiteElo "2468"]
[BlackElo "2555"]
[WhiteFideId "46617116"]
[BlackFideId "46626786"]
[EventDate "2025.05.27"]

1. c4 Nf6 2. Nc3 e5 3. Nf3 Nc6 4. g3 Bb4 5. Bg2 O-O 6. O-O e4 7. Ng5 Bxc3 8.
bxc3 Re8 9. d3 exd3 10. exd3 b6 11. Re1 Rxe1+ 12. Qxe1 Bb7 13. Bf4 h6 14. Ne4
Nh5 15. Be3 Qe7 16. Qd1 Nf6 17. Nxf6+ Qxf6 18. Bd4 Nxd4 19. Bxb7 Rb8 20. cxd4
Rxb7 21. Qg4 Qe6 22. Qf4 c6 23. Kf1 g5 24. Qf3 Qh3+ 25. Kg1 Qe6 26. Kf1 Kg7 27.
Re1 Qf6 28. Qg4 Qg6 29. Re3 b5 30. cxb5 h5 31. Qe2 Rxb5 32. Re5 d6 33. Rxb5 cxb5
34. Kg1 g4 35. Qe7 a6 36. Qb7 Qxd3 37. Qxa6 Qb1+ 38. Kg2 Qe4+ 39. Kg1 Qd5 40.
Qa5 Qf5 41. Qb4 Qd5 42. Qa5 Qc6 43. Qd8 Qd5 1/2-1/2

[Event "25th Dubai Open A 2025"]
[Site "Dubai UAE"]
[Date "2025.06.04"]
[Round "9.13"]
[White "Davtyan, Artur"]
[Black "Jubin, Jimmy"]
[Result "1/2-1/2"]
[WhiteTitle "IM"]
[BlackTitle "IM"]
[WhiteElo "2485"]
[BlackElo "2449"]
[WhiteFideId "13308327"]
[BlackFideId "46686614"]
[EventDate "2025.05.27"]

1. e4 c6 2. d4 d5 3. e5 Bf5 4. Nf3 e6 5. Be2 Nd7 6. Nbd2 a5 7. a4 f6 8. exf6
Ngxf6 9. Nh4 Bd6 10. Nxf5 exf5 11. c4 O-O 12. cxd5 Nxd5 13. O-O N7f6 14. Nf3 Qc7
15. Bc4 Kh8 16. Qb3 Qb6 17. Re1 Rfe8 18. Rxe8+ Rxe8 19. Bd2 Qxb3 20. Bxb3 Bb4
21. Bxb4 Nxb4 22. Ne5 g6 23. Nc4 b5 24. Ne5 bxa4 25. Bxa4 Rb8 26. h3 Kg7 27. Rc1
Ne4 28. Rc4 Nd6 29. Rc5 Nb7 30. Rc1 Nd8 31. Nc4 Ne6 32. Nxa5 Ra8 33. Rc4 Nd3 34.
b4 Nxb4 35. Rxb4 Rxa5 36. Bxc6 Ra1+ 37. Kh2 Kf6 38. Bd5 Nf4 39. Bc4 Rd1 40. g3
Nd3 41. Rb6+ Kg5 42. Bxd3 Rxd3 43. Rd6 f4 44. Rd5+ Kf6 45. gxf4 Ke6 46. Re5+ Kf6
47. d5 Rf3 48. Re6+ Kf7 49. Re4 Rxf2+ 50. Kg3 Rd2 51. Re5 Rd3+ 52. Kg2 Kf6 53.
h4 h5 54. Rg5 Re3 55. Rg3 Re4 56. Kf3 Re1 57. Rg2 Kf5 58. Rg5+ Kf6 59. Kg2 Re4
60. Kg3 Re3+ 1/2-1/2

[Event "25th Dubai Open A 2025"]
[Site "Dubai UAE"]
[Date "2025.06.04"]
[Round "9.14"]
[White "Stribuk, Artiom"]
[Black "Ayush, Sharma"]
[Result "1/2-1/2"]
[WhiteTitle "IM"]
[BlackTitle "IM"]
[WhiteElo "2433"]
[BlackElo "2478"]
[WhiteFideId "13515659"]
[BlackFideId "45010943"]
[EventDate "2025.05.27"]

1. Nf3 Nf6 2. c4 e6 3. g3 d5 4. Bg2 dxc4 5. Qa4+ Nbd7 6. Qxc4 c5 7. d3 Be7 8.
O-O O-O 9. Qb3 a6 10. a4 Nd5 11. Nc3 Nb4 12. d4 Nc6 13. Be3 cxd4 14. Nxd4 Nc5
15. Qd1 Nxd4 16. Bxd4 Nb3 17. Qxb3 Qxd4 18. a5 Qb4 19. Qxb4 Bxb4 20. Ra4 Be7 21.
Rd4 Bf6 22. Rd3 Bd8 23. b4 Rb8 24. Na4 Be7 25. Rb1 e5 26. Bd5 Rd8 27. Nb6 Bf5
28. e4 Rxd5 29. Rxd5 Bxe4 30. Rxe5 Bxb1 31. Rxe7 Bd3 32. Nd7 Rd8 33. f4 Bb5 34.
Nc5 Rd1+ 35. Kf2 Rf1+ 36. Kg2 Rc1 37. Kf2 Rc2+ 38. Ke1 h5 39. h4 Rb2 40. Rxb7
Rxb4 41. Rb6 Rb1+ 42. Kf2 Ra1 43. Nxa6 Rxa5 44. Nc5 Ra2+ 45. Ke3 Be2 46. Ne4 Bg4
47. Nd2 Kh7 48. Rb3 Kg6 49. Rc3 f6 50. Rd3 Be6 51. Ne4 Bf5 52. Rc3 Rg2 53. Kf3
Ra2 54. Nf2 Be6 55. Ke3 Bd5 56. Rd3 Ba8 57. Rd2 Ra6 58. Nd1 Ra3+ 59. Rd3 Ra7 60.
Rd2 Kf5 61. Nf2 Re7+ 62. Kd4 Re1 63. Ra2 Bg2 64. Ra5+ Kg6 65. f5+ Kh7 66. Ra2
Bc6 67. Ra7 Re5 68. Rc7 Bg2 69. Nd3 Re4+ 70. Kc5 Re3 71. Nf4 Re5+ 72. Kd6 Bf3
73. Ne6 Rd5+ 74. Ke7 Rxf5 75. Kf8 Re5 76. Rxg7+ Kh6 77. Nf4 Be4 78. Rf7 Bg6 79.
Re7 Ra5 80. Re6 Ra8+ 81. Ke7 Kg7 82. Kd6 Ra6+ 83. Kc5 Ra3 84. Re7+ Bf7 85. Rb7
Kf8 86. Rb8+ Be8 87. Kd6 Ra6+ 88. Kd5 Ke7 89. Rb7+ Bd7 90. Kd4 Ra4+ 91. Ke3 Ra3+
92. Kf2 Ra5 93. Ng6+ Kd6 94. Rb6+ Bc6 95. Ne7 Ra2+ 96. Ke3 Ra3+ 97. Kf2 Ra2+ 1/2-1/2

[Event "25th Dubai Open A 2025"]
[Site "Dubai UAE"]
[Date "2025.06.04"]
[Round "9.15"]
[White "Siddharth, Jagadeesh"]
[Black "Ashraf, Artin"]
[Result "0-1"]
[WhiteTitle "GM"]
[BlackTitle "FM"]
[WhiteElo "2472"]
[BlackElo "2407"]
[WhiteFideId "5818320"]
[BlackFideId "22514805"]
[EventDate "2025.05.27"]

1. e4 c5 2. Nf3 d6 3. Bc4 Nf6 4. d3 Nc6 5. O-O a6 6. a4 Bg4 7. h3 Bh5 8. g4 Bg6
9. Nh2 d5 10. exd5 Nxd5 11. f4 f6 12. Nc3 Bf7 13. Re1 Qd7 14. Bxd5 Bxd5 15. Nxd5
Qxd5 16. Qf3 Qxf3 17. Nxf3 Kf7 18. Be3 e6 19. Nd2 h5 20. Kg2 Nb4 21. Rac1 hxg4
22. hxg4 Nd5 23. Ne4 Be7 24. Kg3 f5 25. Ng5+ Bxg5 26. fxg5 Rh7 27. Bg1 f4+ 28.
Kf3 Rh3+ 29. Ke4 Kg6 30. Bxc5 Kxg5 31. Kd4 Re8 32. Rg1 Ne3 33. Ke4 Nd5 34. Rce1
Rc8 35. Kd4 Ne3 36. Be7+ Kg6 37. Ke4 Rxc2 38. Bd6 Ng2 39. Ref1 Re2+ 40. Kd4 Kg5 0-1